Geografía física, política y económica del estado de Veracruz : formado con presencia de los datos más modernos /
Enregistré dans:
| Auteur principal: | |
|---|---|
| Format: | Livre |
| Langue: | espagnol |
| Publié: |
París, Francia :
Librería de la Viuda de Ch. Bouret,
1921, c1921
|
| Édition: | 3a edición |
| Sujets: | |
| Tags: |
Pas de tags, Soyez le premier à ajouter un tag!
|
MARC
| LEADER | 00000nam^a2200000^a^4500 | ||
|---|---|---|---|
| 001 | 000127060 | ||
| 005 | 20250526000000.0 | ||
| 009 | 20260310094747.82 | ||
| 037 | |a Acervo ITESO - Biblioteca | ||
| 041 | |a ESP | ||
| 082 | |a 910. 97262 |b PER | ||
| 100 | |a Pérez Milicua, Luis |e (autor) | ||
| 245 | 1 | 0 | |a Geografía física, política y económica del estado de Veracruz : |b formado con presencia de los datos más modernos / |c L. Pérez Milicua. |
| 250 | |a 3a edición |b corregida y aumentada | ||
| 264 | 4 | |a París, Francia : |b Librería de la Viuda de Ch. Bouret, |c 1921, c1921 | |
| 300 | |a 279 p. ; |c 19.0 cm. | ||
| 649 | |a XX | ||
| 650 | |a Límites - |z Veracruz | ||
| 650 | |a Límites - |z México | ||
| 650 | |a Territorio Nacional - |z Veracruz | ||
| 650 | |a Territorio Nacional - |z México | ||
| 650 | |a Hidrografía - |z Veracruz | ||
| 650 | |a Hidrografía - |z México | ||
| 650 | |a Climatología - |z Veracruz | ||
| 650 | |a Climatología - |z México | ||
| 650 | |a Geografía Física - |z Veracruz | ||
| 650 | |a Geografía Física - |z México | ||
| 650 | |a División Política y Administrativa - |z Veracruz | ||
| 650 | |a División Política y Administrativa - |z México | ||
| 650 | |a Población - |z Veracruz | ||
| 650 | |a Población - |z México | ||
| 650 | |a Comunicaciones y Tránsito - |z Veracruz | ||
| 650 | |a Comunicaciones y Tránsito - |z México | ||
| 650 | |a Geografía Política - |z Veracruz | ||
| 650 | |a Geografía Política - |z México | ||
| 650 | |a Economía - |z Veracruz | ||
| 650 | |a Economía - |z México | ||
| 650 | |a Geografía - |z Veracruz | ||
| 650 | |a Geografía - |z México | ||
| 910 | |a Fondo Salvador Reynoso Reynoso | ||
| 920 | |a Impresos - Libros | ||
| 930 | |a Libros Antiguos y Raros | ||
| 905 | |a 108 | ||
| 901 | |a 0800009627 |b IT2 |c LRA |u 20250526 | ||
| 902 | |a https://opac.biblio.iteso.mx/vufind/Record/000127060 | ||